Rubber powder from over-cured latex and its usage (Record no. 67906)

MARC details
000 -LEADER
fixed length control field 00501nam a2200145Ia 4500
100 ## - MAIN ENTRY--AUTHOR NAME
Personal name Baharin A
245 #0 - TITLE STATEMENT
Title Rubber powder from over-cured latex and its usage
260 ## - PUBLICATION, DISTRIBUTION, ETC. (IMPRINT)
Name of publisher International Rubber Conference 1997. Rubber Science and Technology: Improving Quality of Life, Kuala Lumpur, Malaysia 6-9 Oct 1997; p277-283
650 ## - SUBJECT ADDED ENTRY--TOPICAL TERM
Topical Term Over-cured latex
650 ## - SUBJECT ADDED ENTRY--TOPICAL TERM
Topical Term Rubber powder
700 ## - ADDED ENTRY--PERSONAL NAME
Personal name Nasir M
700 ## - ADDED ENTRY--PERSONAL NAME
Personal name Rohaidah Abdul Rahim
942 ## - ADDED ENTRY ELEMENTS (KOHA)
Koha item type Journals
Holdings
Withdrawn status Lost status Damaged status Not for loan Home library Current library Shelving location Date acquired Koha item type
      Journals RRII Library RRII Library Rubber chemistry 17/12/2021 Journals